00880nam a2200265Ia 4500001000600000003000900006008004100015040001300056040001300069041001300082100002800095100002900123245006200152245006100214250001100275260001200286260002100298260004900319300004300368500008600411650002700497650003100524700003100555700002800586 1218IT-RoPAU130308s9999 xx 000 0 und d aIT-RoPAU cIT-RoPAU aITALIANO aMozart Wolfgang Amadeus gCodice Aut. SPICS: 3486 aAutobiografia dalle lettere e da documenti contemporanei bAutobiografia Dalle lettere e da Documenti Contemporanei a1a ed. aCATANIA bEdizioni Paoline c1960 [1° Ed.:1960 - Ed.Ling.Originale:1960] a"520 p. (prefazione: no ; testo: 520)" aMozart e la Musica Mozart e la Massoneria Mozart e la Religione lettere di Mozart aAUTORI/OPERE DI MUSICA eCodice materia Spics: 7007 aEsposito Rosario Francesco gCodice Aut. SPICS: 6898